000 00517nam a2200217Ia 4500
003 OSt
005 20220918192810.0
006 a|||||r|||| 00| 0
007 ta
008 220917b |||||||| |||| 00| 0 eng d
024 _a70,369
037 _cTextual
040 _aARTS
_cARTS
_beng
041 _2eng
_aeng
082 _aR37, L1
100 _aMargolis Joseph
_919042
245 0 _aValues and conduct
260 _c1971
942 _hR37, L1
_cTEXL
_2CC
999 _c196467
_d196467